000 00835nam a22002537i 4500
999 _c23242
_d23242
003 AR-CdUCM
008 250402b20092009 pe||||| |||| 00| 0 eng d
020 _a978-612-301-051-5
040 _aMUNICIPALIDAD PROVINCIAL DEL CUSCO
_cBIBLIOTECA MUNICIPAL DEL CUSCO
041 _hspa
082 _2
_aPI / 803.08 / L84S
_bL84S
100 _aLoli, Cesar
_951107
245 _aSal solcito :
_bcon Miss Rosi /
260 _aLima :
_bEditorial Septiembre
_c2009
300 _a16 páginas. :
_c17x20 cm.
_bIlustraciones
440 _aCántame un cuento.
_n2
_933194
650 _aLiteratura infantil
_9588
650 _aCuento infantil
_951109
650 _aPrimera infancia
_924660
700 _aEstremadoyro, Rosa (canción y letra)
_951097
856 _fwww.editorialseptiembre.com
942 _2ddc
_cLIBROS
945 _apbjr
_d02-04-2025